| 000 | 00740nam a2200253 a 4500 | ||
|---|---|---|---|
| 999 |
_c1750 _d1750 |
||
| 007 | ta | ||
| 008 | 200117t1994 xxuad||g |||| 001 0 eng d | ||
| 020 | _a0821325892 | ||
| 040 |
_aKO _beng |
||
| 041 | 0 | _aeng | |
| 044 | _axxu | ||
| 082 | 0 | 4 |
_223 _a338.9 _bG13 |
| 245 | 1 | 0 |
_aDoes Privatization Deliver? : _bHighlights From a World Bank Conference / _cEdited by Ahmed Galal and Mary Shirley |
| 260 |
_aWashington , D. C. : _bThe World Bank , _c1994 . |
||
| 300 |
_axi , 127 p. : _bill., Charts. ; _c24 cm |
||
| 490 | 0 | _aEDI Development Studies ; | |
| 504 | _aIncludes Index. | ||
| 650 | 0 |
_a Privatization _vTextbooks |
|
| 700 |
_aGalal, Ahmed _eedt |
||
| 700 |
_a Shirley, Mary _eedt |
||
| 904 | _aReshma_R | ||
| 942 | _cRT | ||